00456 2200193 4500001002100000005001500021035002000036008004100056245004000097100001200137250000600149260003600155300001100191084001400202082000800216650001400224990001200238990001200250INLIS00000000000039420240430020023 a0010-0424000370240430 0 ind 1 aSelayang Pandang Lampung /cGiyarto aGiyarto a1 aKlaten :bIntan Pariwara,c2009 a60 hlm a900 GIY s a900 4aNon Fiksi a0728627 a0728628